Top 100 Brands Value in 2001 - Statistics

General Stats
  • This quiz has been taken 466 times
  • The average score is 31 of 100
Answer Stats
Billions $ Country of owner ship Answer % Correct
5.46 USA Apple
89%
65.07 USA Microsoft
79%
30.09 USA Ford
75%
6.37 South Korea Samsung
75%
18.58 Japan Toyota
73%
25.29 USA Mcdonald's
71%
7.59 USA NIKE
67%
68.95 USA Coca-Cola
65%
15.01 Japan Sony
65%
21.73 Germany Mercedes
64%
13.86 Germany BMW
63%
35.04 Finland Nokia
63%
3.65 Germany Adidas
62%
7.34 Germany VolksWagen
62%
14.64 Japan Honda
60%
6.21 USA PEPSI
56%
2.47 USA Burger King
55%
42.40 USA GE
51%
6.01 Sweden IKEA
50%
52.75 USA IBM
49%
3.13 USA Amazon.com
47%
5.26 USA KFC
47%
32.59 USA Disney
44%
5.36 Italy Gucci
44%
1.76 USA Starbucks
42%
8.27 USA DELL
40%
3.49 Japan Panasonic
40%
2.84 UK Shell
38%
10.84 USA Budweiser
37%
4.27 France Chanel
37%
7.05 France Louis Vuitton
36%
9.46 Japan Nintendo
36%
5.98 USA Pizza Hut
36%
3.25 UK BP
33%
34.67 USA Intel
33%
3.70 Switzerland Rolex
33%
2.26 Netherlands Heineken
32%
4.90 Netherlands Philips
31%
6.58 Japan Canon
29%
3.76 USA Motorola
29%
1.03 Germany Siemens
29%
22.83 USA AT&T
28%
7.01 USA Kellogg's
26%
4.38 USA YAHOO
26%
4.06 USA Boeing
25%
17.98 USA Hewlett-Packard
24%
16.92 USA American Express
23%
8.75 USA GAP
23%
13.25 Switzerland NESCAFE
23%
1.91 USA Polo/Ralph Lauren
23%
17.21 USA Cisco Systems
22%
1.89 USA FEDEX
22%
6.02 USA Xerox
21%
1.49 Italy Armani
20%
4.57 USA Colgate
20%
10.80 USA Kodak
20%
3.48 USA Tiffany
20%
1.36 Ireland Guinness
19%
5.53 USA Harley-Davidson
19%
1.58 USA Jack daniels
19%
4.03 USA Kraft
19%
3.75 USA Levi's
19%
6.60 USA MTV
19%
12.22 USA Oracle
19%
1.41 USA Pampers
19%
4.50 USA AOL
18%
4.14 USA Duracell
18%
3.72 USA Time
18%
22.05 USA Marlboro
17%
8.95 USA Pfizer
17%
2.59 UK Smirnoff
17%
4.37 USA Avon
16%
7.86 USA Goldman Sachs
16%
7.06 USA Heinz
16%
1.78 Germany Nivea
16%
6.31 Germany SAP
16%
1.00 Switzerland Swatch
16%
3.20 Bermuda Bacardi
15%
19.01 USA CitiBank
15%
5.09 USA Kleenex
15%
1.08 Denmark Carlsberg
14%
12.35 USA Compaq
14%
7.07 Sweden Ericsson
14%
15.30 USA Gilette
14%
9.67 USA Merck
13%
2.47 France Moet & Chandon
13%
4.04 USA Texas Intruments
13%
1.65 UK Johnnie Walker
12%
2.42 USA Mobil
12%
5.24 UK Reuters
12%
4.53 USA Wrigley's
12%
1.38 Sweden Absolut
10%
1.24 USA Hilton
10%
15.02 USA Merrill Lynch
10%
1.00 Italy Benetton
9%
5.15 USA Sun Microsystems
9%
2.04 USA Barbie
8%
1.31 UK Financial Times
8%
2.18 USA Wall Street Journal
8%
3.62 USA Hertz
7%
No matching quizzes found
Score Distribution
Percent of People with Each Score
Percentile by Number Answered
Your Score History
You have not taken this quiz